Controlling - nástroj riadenia zdrojov

Využitie kontrolingu ako nástroja riadenia verejných zdrojov. Základné funkcie kontrolingu. Verejné zdroje - peniaze daňových poplatníkov. Charakteristika verejného sektora. Základné úlohy, ktoré má kontroling plniť vo verejnom sektore.

Saved in:
Bibliographic Details
Main Author: Tóth, Miroslav, 1961-
Format: Book Chapter
Language:Slovak
Subjects:
Tags: Add Tag
No Tags, Be the first to tag this record!

MARC

LEADER 00000nla a2200000 4500
001 0163292
005 20240522123951.3
041 0 |a slo 
044 |a SK 
245 1 0 |a Controlling - nástroj riadenia zdrojov  |c Miroslav Tóth 
520 |a Využitie kontrolingu ako nástroja riadenia verejných zdrojov. Základné funkcie kontrolingu. Verejné zdroje - peniaze daňových poplatníkov. Charakteristika verejného sektora. Základné úlohy, ktoré má kontroling plniť vo verejnom sektore. 
610 2 0 |a kontroling 
610 2 0 |a riadenie 
610 2 0 |a plánovanie 
610 2 0 |a reporting 
610 2 0 |a zdroje finančné 
610 2 0 |a financie 
610 2 0 |a sektor verejný 
100 1 |a Tóth, Miroslav, 1961-